Spôsob biologického čistenia odpadových vôd a zariadenie na vykonávanie tohto spôsobu. C02F 3/30

Bibliographic Details
Main Author: Mičo, Štefan (Author)
Format: Book
Language:Undetermined
PhysicalDescription:4 s.
Published: Banská Bystrica Úrad priemyselného vlastníctva SR 2001

MARC

LEADER 00000nam a2200000 a 4500
001 vtls001423525
003 SK-MaSNL
005 20260301202527.0
008 240318sm y0 xo 0 und
035 |a SNK000378402 
040 |a SNK  |b slo  |c SNK  |e AACR2 
044 |a xo  |c SK 
100 1 |a Mičo, Štefan  |4 aut  |9 320735 
245 1 0 |a Spôsob biologického čistenia odpadových vôd a zariadenie na vykonávanie tohto spôsobu. C02F 3/30 
260 |a Banská Bystrica  |b Úrad priemyselného vlastníctva SR  |c 2001 
300 |c 4 s. 
999 |c 899170  |d 901100 
952 |t P60, <04>, [BOOK], {604}  |a SNK  |b SNK  |y VYP  |7 0  |p 17A0320439  |o snkSK 281781  |i snkPS 995/2001  |0 0  |1 0  |4 0  |d 2001-11-05  |l 0  |r 2005-01-02 00:00:00  |w 2026-02-24